000 00586nam a2200217Ia 4500
003 OSt
005 20220926044330.0
006 a|||||r|||| 00| 0
007 ta
008 220923b |||||||| |||| 00| 0 eng d
037 _cGeneral Book
040 _aRTL
_cRTL
_beng
041 _2eng
_aeng
082 _aU47, G1,G1;1
100 _aBlache P Vidal De La
245 0 _aPrinciples of human geography. Ed by Emmanuel De M
260 _c1931
650 _aHuman Geography
_91464
942 _hU47, G1,G1;1
_cGB
_2CC
999 _c674572
_d674572